| 000 | 01297nam a22002897a 4500 | ||
|---|---|---|---|
| 005 | 20240530110435.0 | ||
| 008 | 150406s2010 xxuabd g 000 0 eng d | ||
| 017 |
_a2009/21239 _bمصر . دار الكتب المصرية |
||
| 020 | _a9789774796718 | ||
| 040 | _aEG-CaGPL | ||
| 082 | 0 | 4 |
_221 _a214.27\ _bأ ع |
| 100 | 1 | _aماريو ، ابستولوف | |
| 245 | 1 | 2 |
_aالعلاقات الحضارية المسيحية الاسلامية بين احتمالات التعاون و الصراع / _cتاليف ماريو ابيستولوف ؛ ترجمة و تقديم مصطفى قاسم ؛ مراجعة السيد يسين |
| 250 | _aط1 | ||
| 260 |
_aالقاهرة : _bالمركز القومى للترجمة ، _c2010. |
||
| 300 |
_a281 ص : _bخرائط ، جداول ؛ _c24 سم. |
||
| 490 |
_aالمشروع القومى للترجمة ؛ _v1419 |
||
| 650 | 0 | 4 | _aالاسلام و المسيحية |
| 650 | 0 | 4 | _aالتخوم |
| 650 | 0 | 4 | _aالتخوم المسيحية |
| 650 | 0 | 4 |
_aالمسيحيون _xالاحوال السياسية |
| 651 | 0 | 4 |
_aمصر القديمة _xالنمو السكانى |
| 700 | 0 |
_aمصطفى قاسم _dمترجم و مقدم |
|
| 700 | 0 |
_aالسيد يسين _eمراجع |
|
| 942 |
_2ddc _cBK |
||
| 999 |
_c60921 _d60921 |
||